[Event "FIDE-Online-Steinitz-Memorial-Women"]
[Site "Internet"]
[Date "2020.05.16"]
[Round "8"]
[White "Tan, Zhongyi"]
[Black "Cori T., Deysi"]
[Result "1-0"]
[WhiteElo "2510"]
[BlackElo "2391"]
[Annotator "TA"]
[PlyCount "145"]
[EventDate "2020.05.15"]
[EventType "tourn"]
[SourceTitle "playchess.com"]
[Source "ChessBase"]
[SourceQuality "1"]

{[%evp 14,145,20,13,37,22,49,42,50,-3,0,0,0,-7,8,0,19,13,6,0,0,-20,0,0,8,6,8,-8,-8,-8,-8,-8,-8,-7,-5,-7,0,0,0,0,0,0,0,0,0,0,0,0,0,-81,0,0,0,-2,0,0,0,0,0,-506,0,0,107,98,104,17,113,0,110,111,100,0,0,0,0,0,0,0,0,0,10,-8,0,0,0,-574,-573,-670,-651,-670,-657,-739,-690,-5115,-552,-536,-515,-534,-515,-503,-290,-264,-254,-272,-166,-164,-144,-137,61,52,347,347,1044,1040,1020,711,1665,1472,5708,5724,6195,4731,29977,29977,29983,29982,29982,29982,29987,29988,29990,29991,29991,29992]} 1. d4 Nf6 2. c4 e6 3. Nc3 Bb4 4. Qc2 d5 5. cxd5 Qxd5 6. e3 c5 7. Bd2 Bxc3 8. Bxc3 Nc6 {[%cal Rc5d4] E34: Nimzo-Indian: Classical: 4...d5.} 9. Nf3 O-O 10. dxc5 Qxc5 {White is slightly better.} 11. Bd3 (11. a3 $14) 11... Nb4 $11 12. Bxb4 Qxb4+ 13. Qd2 Nd5 14. Rc1 Rd8 15. Qxb4 Nxb4 16. Bb1 b6 17. Nd4 Ba6 18. a3 Nd3+ 19. Bxd3 $1 Bxd3 20. Rc3 Ba6 21. f4 Rac8 22. Rxc8 Rxc8 {[%mdl 4096] Endgame KRB-KRN} 23. Kd2 Bb7 24. Rg1 Bd5 25. g3 Kf8 26. Kd3 Ke7 27. e4 Bc4+ 28. Ke3 Ba6 29. Rd1 f6 30. Rd2 Rc1 31. Nb3 (31. e5 $11) 31... Rb1 (31... Re1+ $17 32. Kf2 Rxe4) 32. Nd4 Re1+ 33. Kf3 Bb7 34. Re2 Rd1 35. Ke3 Ba6 {White must now prevent ...Rd3+.} 36. Rc2 $2 {[%mdl 8192]} (36. Rd2 $11 Re1+ 37. Kf2) 36... Re1+ $2 (36... Rd3+ $19 37. Kf2 Rxd4 38. Rc7+ Rd7 39. Rxd7+ Kxd7) 37. Kf3 Kd7 (37... Bd3 $11 38. Rc7+ {[%mdl 64] Double Attack} Kd6 39. Rxa7 g5) 38. Rd2 $16 Rf1+ 39. Ke3 (39. Kg2 $1 $16 Rb1 40. Nf5+ Ke8 41. Nxg7+ Ke7 42. Rc2) 39... Re1+ (39... Bb7 $11) 40. Kf3 {Hoping for Nc2+.} Rf1+ {[#]} 41. Kg2 $1 {Threatens to win with Ne2+.} Rb1 42. e5 (42. Nf5+ $1 $16 Ke8 43. Nxg7+ Ke7 44. Rc2) 42... Bb7+ $11 43. Kf2 Ke7 44. exf6+ gxf6 45. Re2 Bd5 46. Nf5+ Kf7 47. Ne3 Be4 48. Nc4 {aiming for Nd6+.} Bd3 49. Rd2 $2 {[%mdl 8192]} (49. Nd6+ $11 {and White is okay.} Ke7 50. Rd2) 49... Bxc4 $19 {KRB-KR} 50. Rd7+ Kg6 51. b4 Rb2+ 52. Ke3 Rb3+ 53. Kd4 Bd5 54. Rxa7 h5 55. Ra6 b5 56. Kc5 Bc4 57. a4 Ra3 58. Ra5 Be2 59. axb5 Rc3+ 60. Kd6 {next b6 is good for White.} Bg4 $2 (60... Rb3 $17 61. Kc5 Bf3) 61. b6 $14 Rd3+ $2 {[%mdl 8192] This move loses the game for Black.} (61... Bf3 $14 62. Rc5 Rb3) 62. Kc7 $18 Bf3 $2 {[#]} (62... Rb3 63. b7 Rxb4) 63. b7 $1 Bxb7 64. Kxb7 {KR-KR} Rd2 65. b5 {[%cal Bb4b5,Bb5b6][%mdl 32]} Rxh2 66. b6 Rb2 67. Kc7 h4 68. gxh4 {White mates.} Rb4 69. h5+ Kh6 70. b7 Rxb7+ 71. Kxb7 e5 72. fxe5 fxe5 73. Rxe5 {Accuracy: White = 80%, Black = 55%.} 1-0

[Event "FIDE-Online-Steinitz-Memorial-Women"]
[Site "Internet"]
[Date "2020.05.16"]
[Round "8"]
[White "Stefanova, Antoaneta"]
[Black "Kosteniuk, Alexandra"]
[Result "1-0"]
[WhiteElo "2485"]
[BlackElo "2521"]
[Annotator "TA"]
[PlyCount "143"]
[EventDate "2020.05.15"]
[EventType "tourn"]
[SourceTitle "playchess.com"]
[Source "ChessBase"]
[SourceQuality "1"]

{[%evp 16,143,16,-9,-4,-8,-3,-18,8,0,20,4,35,27,41,30,42,8,107,107,183,189,185,202,196,202,256,263,262,262,260,261,267,254,251,235,270,268,262,272,373,370,368,324,318,322,389,379,489,486,485,476,533,475,528,515,468,506,498,494,728,730,715,667,648,435,1044,1037,855,611,535,423,517,514,501,494,430,413,29970,507,29978,29979,29979,1095,29976,29977,5409,1037,1009,622,597,597,1370,1340,1138,970,511,381,368,342,337,64,29961,29960,29942,29946,29982,29983,29983,29983,29981,29976,29976,29977,29977,29978,29981,29982,29982,29983,29984,29978,29978,29978,29982,29983,29984,29983,29983,29984]} 1. d4 Nf6 2. Nf3 b6 3. e3 e6 4. Bd3 Bb7 5. O-O d5 6. c4 dxc4 7. Bxc4 a6 8. Nc3 b5 9. Be2 Nbd7 {D26: Queen's Gambit Accepted: 4 e3 e6 5 Bxc5 c5 sidelines.} 10. a3 c5 11. dxc5 {11.b4 deserves study.} Nxc5 {The position is equal.} 12. b4 Nce4 (12... Qxd1 {is more complex.} 13. Rxd1 Nb3 14. Rb1 Nxc1 15. Rbxc1 Be7) 13. Nxe4 Bxe4 (13... Nxe4 {with more complications.} 14. Bb2 Bd6 15. a4 O-O 16. axb5 axb5 17. Rxa8 Bxa8 18. Qd4 Qf6) 14. Qxd8+ Rxd8 15. Bb2 Bd6 {[#]} 16. a4 $146 ({Predecessor:} 16. Rac1 O-O 17. Rfd1 Bd5 18. Nd2 Nd7 19. Bf3 Bxf3 20. Nxf3 Nb6 21. Be5 Be7 22. Rxd8 Rxd8 23. Bd4 {½-½ (55) Mercado Larrea,A (1936)-Navarro Lopez Menchero,D (2318) Linares 2013}) 16... Bxb4 (16... O-O $11 {keeps the balance.}) 17. axb5 $16 axb5 (17... a5 $16) 18. Bxb5+ $18 Kf8 19. Ne5 Rb8 20. Bc6 {Strongly threatening Bxe4.} Bd6 {[#]} 21. Bxe4 $1 Rxb2 22. Nc4 $1 {[%csl LRb2,LRd6][%mdl 64] Double Attack} Nxe4 23. Nxb2 {Ra8+ is the strong threat.} Ke7 24. Ra7+ Kf6 25. Nc4 {Threatens to win with f3.} Bb8 26. Rb7 Nc5 27. Rb5 Ne4 28. f3 Nc3 29. Rb3 Nd5 30. e4 Ba7+ 31. Kh1 Nf4 32. g3 Ne2 33. Rb7 Bc5 34. Rc7 Bd4 {[#]} 35. e5+ $1 Kg6 (35... Bxe5 36. Nxe5) 36. Re1 Nc3 37. Nd6 f6 (37... h5 $142 38. Rc4 Bb6 39. Rxc3 Ba5) 38. exf6 Bxf6 39. Rxe6 Nd5 40. Rc4 {Hoping for Rg4+.} Ra8 (40... h6 $142 41. Rc5 Nb4) 41. Rg4+ Kh5 42. Nf5 {h4 would kill now.} g6 43. Ne3 Ra1+ 44. Kg2 Nxe3+ 45. Rxe3 {[%mdl 4096] Endgame KRR-KRB} Ra2+ 46. Kh3 Rf2 (46... g5 $18 47. Rb4 Ra6) 47. Ra4 (47. Rf4 $142 Bg5 {[#]} 48. Re5 $1 {[%mdl 512]} Kh6 49. Rf7 Rd2 50. Rb5 Bd8 51. Rbb7 g5 52. Rxh7+ Kg6 53. Kg4) 47... Bg5 (47... g5 $18 48. g4+ Kg6) 48. f4 Bd8 49. g4+ Kh6 50. Kg3 Rf1 51. Ra6 (51. Ra7 $142 Rg1+ 52. Kf3) 51... Rb1 52. f5 Bc7+ 53. Kf3 Bxh2 54. fxg6 hxg6 55. Ree6 Rb3+ 56. Ke2 Kg5 57. Rxg6+ Kh4 58. Rh6+ $2 (58. Ra5 $18) 58... Kg3 $2 {[%mdl 8192]} (58... Kxg4 $14 59. Rh8 Bg3) 59. g5 {White mates.} Rb2+ 60. Kd3 Rb5 61. g6 Rg5 62. Ke4 Bg1 63. Rh7 Rg4+ 64. Kf5 Rf4+ 65. Ke6 Bd4 66. Ra3+ Kg2 67. g7 Rg4 68. Kf7 Rf4+ 69. Kg8 Rg4 70. Ra4 Kf3 {[#]} 71. Rxd4 $1 {[%mdl 64] Promotion} Rxd4 72. Kh8 {Black got outplayed after the opening. Accuracy: White = 74%, Black = 54%.} 1-0

[Event "FIDE-Online-Steinitz-Memorial-Women"]
[Site "Internet"]
[Date "2020.05.16"]
[Round "8"]
[White "Khademalsharieh, Sarasadat"]
[Black "Sebag, Marie"]
[Result "1/2-1/2"]
[WhiteElo "2431"]
[BlackElo "2482"]
[Annotator "TA"]
[PlyCount "127"]
[EventDate "2020.05.15"]
[EventType "tourn"]
[SourceTitle "playchess.com"]
[Source "ChessBase"]
[SourceQuality "1"]

{[%evp 9,127,18,20,13,16,18,31,27,24,10,12,5,16,0,0,1,0,-10,0,0,0,0,-4,-12,0,0,0,-6,0,0,0,0,0,0,0,-3,0,-8,0,0,0,0,0,0,0,0,14,28,21,8,0,0,0,0,0,0,6,6,8,10,10,0,0,0,1,0,0,0,0,-6,-8,-10,8,8,8,8,16,8,16,0,0,0,0,0,8,0,0,-26,-29,-199,-199,-396,-396,-396,-396,-400,-167,-12112,-5460,-12112,-12112,-10124,-11981,-5460,-10131,-7277,-5077,-4250,-2260,-1245,-138,-8541,-146,-10046,0,-5460,-158,-5065,0,-1783]} 1. Nf3 d5 2. c4 c6 3. e3 Nf6 4. b3 e6 5. Bb2 Bd6 6. d4 {A06: Réti Opening: 1 Nf3 d5.} O-O 7. Bd3 Nbd7 8. O-O {White is slightly better.} b6 9. Nc3 Bb7 10. Qe2 Qe7 11. Rac1 Rad8 12. Rfd1 Rfe8 {[#]} 13. e4 $146 ({Predecessor:} 13. Rc2 h6 14. e4 e5 15. dxe5 Nxe5 16. cxd5 Nxf3+ 17. Qxf3 cxd5 18. Nxd5 Nxd5 19. exd5 Bxd5 {1-0 (26) Schenk,A (2455)-Werner,M (2364) Germany 2002}) 13... dxe4 14. Nxe4 Nxe4 15. Bxe4 Nf6 16. Bb1 c5 17. dxc5 Bxc5 18. Ne5 Rxd1+ 19. Rxd1 Rd8 20. Rxd8+ Qxd8 21. Qd3 (21. Bc3 {seems wilder.} Qc7 22. Bd3 Qd6 23. Bc2 h6 24. h3) 21... Qc7 22. Qe2 h6 23. Nd3 Be7 24. f3 Qd8 25. Ne5 Bc5+ 26. Kf1 Qc7 27. Qd3 h5 (27... Kf8 {is more complex.} 28. Bd4 Bd6 29. Qc3 Qe7 30. Bc2 Kg8) 28. Qd2 Qd6 29. Qxd6 Bxd6 30. h3 Kf8 31. Bc3 Ke7 32. Ke2 a6 33. b4 g6 34. a3 Nd7 35. Nxd7 Kxd7 $11 {[%mdl 4096] Endgame KBB-KBB} 36. Bd4 Kc7 37. c5 bxc5 38. bxc5 Be7 39. Ke3 Bd5 40. Bd3 a5 41. Bb5 g5 42. a4 f6 43. Ke2 e5 44. Be3 f5 45. Bd2 Bxc5 46. Bxa5+ Bb6 47. Bxb6+ Kxb6 {KB-KB} 48. g3 f4 49. Kf2 $2 {Black continues to play with concentration.} (49. h4 $11) 49... h4 $1 $19 {[%cal Rh4g3]} 50. gxh4 $2 (50. g4 {was the only chance.}) 50... gxh4 51. Ke2 Kc5 52. Bd7 Kb4 (52... Bc4+ $142 53. Kf2 Kd6) 53. Be8 $2 (53. Kf2) 53... Bc4+ (53... Be6 $142 54. Kf2 Bxh3) 54. Kd2 Be6 55. Kd3 Bf5+ 56. Ke2 Bxh3 57. Kf2 Bf5 58. Kg2 Be6 59. Kh2 Bd5 $2 (59... Kc5 $19 {White must now prevent ...Bb3.} 60. Kg2 Bb3) 60. Kg2 $2 {[%mdl 8192] [#]} (60. Bh5 $17) 60... Bb7 $2 (60... h3+ $1 $19 {[%mdl 512] and Black stays clearly on top.} 61. Kxh3 Bxf3) 61. Kf2 $2 {[%mdl 8192]} (61. Bd7 $17) 61... Bd5 62. Kg2 $1 {[#]} Ba8 $2 (62... h3+ $1 $19 {[%mdl 512]} 63. Kxh3 Bxf3) 63. Kf2 $2 (63. Bh5 $17) 63... Bd5 (63... h3 $142 64. Bh5 e4 65. fxe4 Bxe4) 64. Kg2 $1 {[%mdl 32768] Accuracy: White = 71%, Black = 75%. . An unexpected result.} 1/2-1/2

[Event "FIDE-Online-Steinitz-Memorial-Women"]
[Site "Internet"]
[Date "2020.05.16"]
[Round "9"]
[White "Kosteniuk, Alexandra"]
[Black "Lagno, Kateryna"]
[Result "1/2-1/2"]
[WhiteElo "2521"]
[BlackElo "2608"]
[Annotator "TA"]
[PlyCount "134"]
[EventDate "2020.05.15"]
[EventType "tourn"]
[SourceTitle "playchess.com"]
[Source "ChessBase"]
[SourceQuality "1"]

{[%evp 9,134,14,27,20,9,20,20,19,14,8,22,13,12,14,9,-2,19,20,26,0,8,0,14,0,56,52,48,40,50,15,17,0,114,114,102,83,65,72,73,71,150,127,179,68,76,-73,46,27,32,32,43,34,43,33,280,271,437,248,522,544,514,515,646,412,409,414,406,402,395,313,390,268,521,534,547,527,529,489,529,500,656,606,660,668,615,622,644,632,612,605,604,566,519,523,629,483,1006,324,5145,5193,879,0,0,0,0,0,0,0,0,0,0,0,0,0,0,0,0,-8,-8,-8,-8,-8,-8,-8,-8,-8,-8]} 1. e4 e5 2. Nf3 Nc6 3. Bc4 Bc5 4. d3 Nf6 5. a4 a6 6. a5 {C50: Hungarian Defence and Giuoco Pianissimo.} d6 7. c3 Ba7 8. O-O h6 9. Re1 O-O 10. Be3 Bxe3 11. Rxe3 {[#]} Ne7 $146 {[%cal Bc6e7,Be7g6,Bg6f4][%mdl 32]} ({Predecessor:} 11... d5 12. exd5 Nxd5 13. Re1 Nf4 14. g3 Nh3+ 15. Kg2 Bg4 16. Nbd2 Qd7 17. Re3 Kh8 {½-½ (56) Kosteniuk,A (2483)-Stefanova,A (2476) Xian 2019}) 12. d4 Ng6 13. Nbd2 Qe7 14. Bb3 Nf4 15. Bc2 Bg4 16. Qf1 c5 (16... Bd7 $11) 17. dxe5 dxe5 18. Nc4 Nd7 19. Rd1 Rad8 20. h3 Bxf3 (20... Be6 $1 $11 {keeps the balance.}) 21. Rxf3 $16 Nf6 22. g3 Rxd1 23. Bxd1 Ng6 24. Bc2 Rd8 (24... Qc7 $142) 25. Rd3 h5 (25... Rxd3 $16 26. Qxd3 Qe6) 26. Ne3 (26. Rxd8+ $18 Qxd8 27. Qd3) 26... h4 $14 27. Nf5 (27. Kg2 $16 {keeps the pressure on.}) 27... Qf8 (27... Qc7 $17) 28. Qd1 Rxd3 29. Qxd3 hxg3 30. fxg3 Ne7 31. Nd6 $36 {[%mdl 2048] White fights for an advantage.} Qd8 $2 ({Black should play} 31... Qb8 $14) 32. Nxb7 $18 Qf8 $2 (32... Qc8) 33. Qd8 (33. Kg2 $142) 33... Ne8 $2 (33... Qxd8 34. Nxd8 c4) 34. Nxc5 Nc6 35. Qd5 Nxa5 36. b4 Nf6 37. Qxe5 Nc4 38. Qd4 Qb8 39. Kg2 ({And not} 39. Qxc4 Qxg3+ 40. Kf1 Qxh3+ 41. Ke1 Qg3+ 42. Kd1 Qg1+ 43. Ke2 Qg2+ 44. Kd3 Qg3+ 45. Ke2 Qg2+ 46. Kd3 Qg3+ 47. Ke2 Qg2+ $11) 39... Ne5 40. Nxa6 Qe8 $2 (40... Qb5 {keeps fighting.}) 41. Nc7 Qe7 42. Nd5 Nxd5 43. exd5 Nd7 44. Qe4 {[#] White wants to mate with Qh7+.} Qf6 45. Qe8+ Nf8 46. Qe3 g6 47. b5 Qd6 48. Qd4 Nd7 49. h4 Qe7 50. Qe4 Qc5 51. c4 Nb6 52. h5 Nxc4 (52... gxh5 $142 53. Bd3 Kf8) 53. hxg6 $2 (53. Qe8+ Qf8 54. Qxf8+ Kxf8 55. hxg6) 53... Ne3+ $2 (53... Nd6 54. gxf7+ Kf8) 54. Kf3 Nxc2 55. gxf7+ $2 ({Only move:} 55. Qe8+ $18 Qf8 56. gxf7+ Kg7 57. b6) 55... Kxf7 $11 {The position is equal.} 56. Qe6+ Kf8 57. Qf6+ Ke8 58. Qc6+ Qxc6 59. bxc6 {[%mdl 4096] Endgame KN-K3P} Ke7 60. Ke4 {[#] Ke5 is the strong threat.} Kd6 61. g4 Nb4 62. g5 Nxd5 63. g6 Ne7 64. g7 Kxc6 65. Ke5 Kd7 66. Kf6 Ke8 67. Ke6 Ng8 {Black defended with fortune. Accuracy: White = 68%, Black = 54%.} 1/2-1/2

[Event "FIDE-Online-Steinitz-Memorial-Women"]
[Site "Internet"]
[Date "2020.05.16"]
[Round "9"]
[White "Sebag, Marie"]
[Black "Stefanova, Antoaneta"]
[Result "1-0"]
[WhiteElo "2482"]
[BlackElo "2485"]
[Annotator "TA"]
[PlyCount "73"]
[EventDate "2020.05.15"]
[EventType "tourn"]
[SourceTitle "playchess.com"]
[Source "ChessBase"]
[SourceQuality "1"]

{[%evp 9,73,36,43,25,35,31,31,29,26,11,18,23,27,0,0,0,0,0,0,0,0,0,0,0,0,0,13,16,21,20,21,25,25,0,0,-21,203,206,211,209,504,495,509,514,1749,1593,4890,3894,2545,2495,1900,1758,5298,4990,29985,29981,29985,29986,29989,29990,29990,29991,29991,29990,29992,29991]} 1. e4 e5 2. Nf3 Nc6 3. Bb5 a6 4. Ba4 g6 5. c3 Bg7 6. d4 {C70: Ruy Lopez: 3...a6 4 Ba4, Norwegian and Delayed Schliemann.} b5 7. Bb3 {7.Bc2 is the modern continuation. Played by Alexander Morozevich in December 2019.} exd4 8. cxd4 {White is slightly better.} Nge7 (8... Na5 9. d5 Nxb3 10. axb3 d6 11. O-O Nf6 12. Re1 O-O 13. Nd4 Re8 14. Nc3 Bb7 15. b4 Qd7 16. Nb3 c6 17. dxc6 Bxc6 18. f3 d5 19. e5 Nh5 20. g4 Bxe5 21. gxh5 Qh3 22. Re2 d4 23. Ne4 Qxf3 24. Nbd2 Qg4+ 25. Kf1 f5 26. Ng3 d3 27. Re1 Qh3+ {0-1 (27) Sebag,M (2443)-Stefanova,A (2481) Monaco 2019}) 9. d5 Na5 $1 10. Bd2 Nxb3 11. axb3 O-O 12. Bc3 f5 13. Bxg7 Kxg7 14. O-O fxe4 15. Qd4+ Kg8 16. Qxe4 Bb7 17. Nc3 {[#]} Rf5 $146 {[%cal Re7d5]} ({Predecessor:} 17... Nc8 18. Ne5 Qe7 19. Rae1 d6 20. Ng4 Qxe4 21. Rxe4 h5 22. Ne3 Nb6 23. Rd1 Rae8 {½-½ (42) Sebag,M (2450)-Goryachkina,A (2564) Skolkovo 2019}) 18. Rad1 Qf8 19. Rfe1 $36 {[%mdl 2048] White fights for an advantage.} Nc8 $1 20. Ne5 Nb6 21. Qd4 b4 22. Na4 Nxd5 $2 {Black cannot hold the game after this.} (22... d6 $11 {and Black has nothing to worry.} 23. Nc6 Nxd5) 23. Nxd7 $18 Qf7 24. Nac5 {aiming for Ne5.} Bc6 $2 (24... Re8 25. Rxe8+ Qxe8) 25. Ne5 {[%mdl 64] [#] Double Attack} Qf6 26. Ncd7 {[%mdl 64] Overworked Piece} Bxd7 (26... Qd6 $142 27. Nxc6 Qxd7) 27. Qxd5+ {[%mdl 64] Double Attack} ({Weaker is} 27. Nxd7 Qxd4 28. Rxd4 Nb6 $16) 27... Be6 28. Qxa8+ {[%mdl 64] Double Attack} Kg7 29. Ng4 Qf7 30. Qd8 Rf4 31. Ne5 Qf5 32. Qxc7+ {White mates.} Kh6 33. f3 Bxb3 34. Ng4+ Rxg4 35. fxg4 Qxg4 36. Rd2 Qg5 {[#]} 37. Qd6 $1 {Accuracy: White = 88%, Black = 61%.} 1-0

[Event "FIDE-Online-Steinitz-Memorial-Women"]
[Site "Internet"]
[Date "2020.05.16"]
[Round "9"]
[White "Abdumalik, Zhansaya"]
[Black "Tan, Zhongyi"]
[Result "1-0"]
[WhiteElo "2409"]
[BlackElo "2510"]
[Annotator "TA"]
[PlyCount "83"]
[EventDate "2020.05.15"]
[EventType "tourn"]
[SourceTitle "playchess.com"]
[Source "ChessBase"]
[SourceQuality "1"]

{[%evp 9,83,12,29,2,8,8,53,60,77,93,308,305,307,309,364,362,385,385,419,413,448,456,518,376,368,358,377,365,368,340,387,387,379,386,374,366,377,371,438,397,413,399,405,392,399,396,394,355,398,391,421,416,445,450,490,481,484,482,604,600,680,587,617,575,690,686,775,785,1629,1639,1540,1504,29995,29995,29996,29995]} 1. e4 e5 2. Nf3 Nc6 3. Bb5 Nf6 4. d3 Bc5 5. Nbd2 O-O 6. Nb3 {[#] Strongly threatening Bxc6. C65: Ruy Lopez: Berlin Defence (3...Nf6), unusual lines and 4 0-0 Bc5.} Bd6 7. O-O {[#]} Ne7 $146 ({Predecessor:} 7... Re8 8. Re1 a6 9. Bxc6 dxc6 10. Bg5 c5 11. c3 Bg4 12. h3 Bh5 13. Na5 b6 {1-0 (80) Paravyan,D (2602)-McShane,L (2682) Douglas 2019}) 8. d4 {White is slightly better.} Ng6 9. dxe5 Nxe5 $2 (9... Bxe5 $16 10. Nxe5 Nxe5) 10. Nxe5 $18 Bxe5 11. f4 c6 12. fxe5 Qb6+ 13. Qd4 Nxe4 14. Bd3 d5 15. exd6 Nxd6 16. Qxb6 axb6 17. Bf4 Rd8 18. a3 Be6 19. Nd4 Bd5 20. Nf5 Nxf5 21. Bxf5 g6 22. Bd3 b5 23. Rae1 Ra4 24. Rf2 b4 25. axb4 Rxb4 26. Bc7 Rc8 27. Be5 Re8 28. Kf1 Ra4 29. Bf6 {[%cal Re1e8]} Rxe1+ 30. Kxe1 Ra1+ 31. Kd2 Rg1 32. g3 Kf8 33. Kc3 Rh1 34. Kb4 b6 35. Bd8 b5 36. Kc5 Ke8 37. Bg5 Rd1 38. Re2+ Kd7 39. Re7+ Kc8 40. Kb6 {Threatening mate with Rc7+.} Rh1 41. Rc7+ Kb8 {[#]} 42. Bf4 $1 {Black did not feel at home in the position after the opening. Accuracy: White = 87%, Black = 38%.} 1-0

[Event "FIDE-Online-Steinitz-Memorial-Women"]
[Site "Internet"]
[Date "2020.05.16"]
[Round "9"]
[White "Paehtz, Elisabeth"]
[Black "Khademalsharieh, Sarasadat"]
[Result "0-1"]
[WhiteElo "2396"]
[BlackElo "2431"]
[Annotator "RC"]
[PlyCount "60"]
[EventDate "2020.05.15"]
[EventType "tourn"]
[SourceTitle "playchess.com"]
[Source "ChessBase"]
[SourceQuality "1"]
[TimeControl "180+2"]

1. d4 d5 2. Bf4 {[%emt 0:00:05]} Nf6 {[%emt 0:00:04]} 3. e3 {[%emt 0:00:01]} c5 {[%emt 0:00:02]} 4. c3 {[%emt 0:00:06]} Nc6 {[%emt 0:00:02]} 5. Nd2 {[%emt 0:00:02]} cxd4 {[%emt 0:00:04]} 6. exd4 {[%emt 0:00:02]} Bf5 {[%emt 0:00:01]} 7. Ngf3 {[%emt 0:00:02]} e6 {[%emt 0:00:01]} 8. Qb3 {[%emt 0:00:03]} Bd6 {[%emt 0:00:02]} 9. Bg3 {[%emt 0:00:03]} Bxg3 {[%emt 0:00:02]} 10. hxg3 {[%emt 0:00:02]} Qe7 {[%emt 0:00:01]} 11. Bb5 {[%emt 0:00:03]} O-O {[%emt 0:00:03]} 12. Bxc6 {[%emt 0:00:06]} bxc6 {[%emt 0:00:03]} 13. Qa4 {[%emt 0:00:02]} c5 {[%emt 0:00:15]} 14. Qa3 {[%emt 0:00:06]} Rfc8 {[%emt 0:00:09]} 15. Nb3 {[%emt 0:00:03]} Ne4 {[%emt 0:00:01]} 16. O-O {[%emt 0:00:14]} Qc7 {[%emt 0:00:05]} 17. Rfe1 {[%emt 0:00:24]} c4 {[%emt 0:00:03]} 18. Nbd2 {[%emt 0:00:02]} Nxd2 {[%emt 0:00:02]} 19. Nxd2 {[%emt 0:00:02]} h6 {[%emt 0:00:01]} 20. Nf3 {[%emt 0:00:06]} a5 {[%emt 0:00:04]} 21. Qa4 {[%emt 0:00:12]} Rab8 {[%emt 0:00:03]} 22. Re2 {[%emt 0:00:02]} Rb7 {[%emt 0:00:02]} 23. Ne5 {[%emt 0:00:21]} Rcb8 {[%emt 0:00:17]} 24. Rd1 {[%emt 0:00:14]} f6 {[%emt 0:00:20]} 25. g4 {[%emt 0:00:26]} Bh7 {[%emt 0:00:20]} 26. Nc6 {[%emt 0:00:08]} Qd7 {[%emt 0:00:04]} 27. Rde1 {[%emt 0:00:08]} Re8 {[%emt 0:00:45]} 28. b3 {[%emt 0:00:05]} Bd3 {[%emt 0:00:02]} 29. Rd2 {[%emt 0:00:05]} cxb3 {[%emt 0:00:16]} 30. axb3 {[%emt 0:00:04]} Bb5 {[%emt 0:00:02]} 0-1